| 000 | 00478nam a2200169 a 4500 | ||
|---|---|---|---|
| 001 | 5967 | ||
| 003 | CDMR | ||
| 005 | 20130321194125.0 | ||
| 008 | 130220s2006||||||||||||||||||||||||||||d | ||
| 040 |
_aCDMR _bcat _cCDMR |
||
| 100 | 1 |
_aAlcoverro, Tomás _92950 |
|
| 245 | 1 | 3 |
_aEl Decano _b: de Beirut a Bagdad, 30 años de crónicas _cTomás Alcovero |
| 260 |
_aBarcelona _bPlaneta _c2006 |
||
| 300 |
_a411 p ; _c22 cm |
||
| 650 |
_aPeriodistes catalans _vBiografies _94 |
||
| 942 |
_cMON _2udc |
||
| 999 |
_c5967 _d5967 |
||